[Event "AUT-ch U14 Girls"]
[Site "Fuerstenfeld"]
[Date "2024.06.01"]
[Round "5"]
[White "Spangl, Marilena"]
[Black "Roessl, Mila"]
[Result "1/2-1/2"]
[WhiteElo "1596"]
[BlackElo "902"]
[PlyCount "39"]
[EventDate "2024.05.30"]
[EventType "swiss"]
[EventRounds "7"]
[EventCountry "AUT"]
[SourceTitle "CBM 220 Extra"]
[Source "ChessBase"]
[SourceDate "2024.07.31"]
[SourceVersion "1"]
[SourceVersionDate "2024.07.31"]
[SourceQuality "1"]

1. e4 b6 2. d4 Bb7 3. Bd3 g6 4. Nf3 Bg7 5. Bf4 e6 6. Nbd2 d5 7. e5 Ne7 8. c3 0-0 9. 0-0 c5 10. Qe2 cxd4 11. cxd4 Nbc6 12. Rac1 a5 13. Qe3 Nb4 14. Bb1 Qd7 15. Bh6 Rfc8 16. Bxg7 Kxg7 17. Qg5 Nf5 18. a3 Nc6 19. Bxf5 exf5 20. Qf6+ 1/2-1/2